| 000 | 00388cam a2200169 4500 | ||
|---|---|---|---|
| 001 | D12561 | ||
| 008 | 090401t1889 xxu||||| |||| 00| 0 eng d | ||
| 035 | _a(Sirsi) u4224 | ||
| 041 | _aeng | ||
| 100 | _aDaniels, G St Leger | ||
| 245 | 2 | _aA compendium of commission cases | |
| 260 |
_bFrank P Wilson _c1889 |
||
| 350 | _a0 | ||
| 520 | _aShelf 114 | ||
| 942 | _n0 | ||
| 948 | _c04/03/1997 | ||
| 999 |
_c86005 _d86005 |
||